Lei Maria da Penha comentada

Bibliographic Details
Main Author: Lima, Altamiro de Araujo
Format: eBook
Language:Portuguese
Published: Sô Paulo : Editoria mundo jurd̕ico, 2010
Subjects:
Online Access:http://www.vlex.com/source/6908

MARC

LEADER 00000nam a22000007a 4500
005 20130118091245.0
007 cr|||| ||||
008 130118e2010 bl |||||s|||| 00||0 por d
020 |a 978-85-88576-50-6 
035 |a 6908 
040 |a vLex 
090 |c 3537  |d 3537 
100 1 0 |a Lima, Altamiro de Araujo 
245 1 0 |a Lei Maria da Penha comentada  |h [Recurso electrn̤ico] 
256 |a Servicio en ln̕ea 
260 |a Sô Paulo :  |b Editoria mundo jurd̕ico,  |c 2010 
300 |a 1 Recurso electrn̤ico 
650 0 4 |a Violencia de gňero  |z Brasil 
740 |a vLex Libros (Servicio en ln̕ea) 
856 |a Acceso restringido  |u http://www.vlex.com/source/6908 
942 |c BOOK